| 000 | 01373cam a2200301 a 4500 | ||
|---|---|---|---|
| 003 | EG-GiCUC | ||
| 008 | 070305s2002 su a f f000 0 ara d | ||
| 017 |
_a22 / 3914 _bالسعودية . مكتبة الملك فهد الوطنية |
||
| 020 | _a9960001679 | ||
| 040 |
_aEG-GiCUC _bara _cEG-GiCUC |
||
| 092 | 0 | 4 |
_a025.6 _bH989 2002 _221 |
| 099 |
_a04 _a025.6 H989 2002 |
||
| 100 | 1 | _aالحزيمي: سعود عبد الله. | |
| 245 | 1 | 0 |
_aخدمات الإعارة فى المكتبة الحديثة / _cسعود بن عبدالله الحزيمي. |
| 246 | 3 | 0 | _aالإعارة فى المكتبة الحديثة |
| 250 | _aط.2 : مزيدة و منقحة. | ||
| 260 |
_aالرياض : _bمكتبة الملك فهد الوطنية: _c2002. |
||
| 300 |
_a156ص. : _b إيض. ؛ _c24 سم. |
||
| 490 | 1 |
_aمطبوعات مكتبة الملك فهد الوطنية . السلسلة الثانية ؛ _v39 |
|
| 504 | _aيشتمل على ارجاعات ببليوجرافية (ص.153-156). | ||
| 650 | 7 |
_aالإعارة (مكتبات) . _2qrmak |
|
| 830 | 0 |
_aمطبوعات مكتبة الملك فهد الوطنية . _n السلسلة الثانية ؛ _v39 |
|
| 902 | _a1 | ||
| 905 |
_aرضا _eمدخل |
||
| 905 |
_aرضا _eمراجع |
||
| 942 |
_2ddc _cBK |
||
| 999 |
_c137880 _d137880 |
||